BSOP header

Deuteronomy 1-11 : (Record no. 2489)

MARC details
000 -LEADER
fixed length control field 00681nam a2200193 4500
008 - FIXED-LENGTH DATA ELEMENTS--GENERAL INFORMATION
fixed length control field 010718s1991 us 0 engYA
020 ## - INTERNATIONAL STANDARD BOOK NUMBER
International Standard Book Number 0385175930
090 ## - LOCALLY ASSIGNED LC-TYPE CALL NUMBER (OCLC); LOCAL CALL NUMBER (OCLC)
Classification number (OCLC) (R) ; Classification number, CALL (RLIN) (NR) BS192.2
Local cutter number (OCLC) ; Book number/undivided call number, CALL (RLIN) An2
-- Deu
100 1# - MAIN ENTRY--PERSONAL NAME
Personal name Weinfeld, Moshe
245 10 - TITLE STATEMENT
Title Deuteronomy 1-11 :
Remainder of title a new translation with introduction and commentary /
Statement of responsibility, etc Moshe Weinfeld
260 ## - PUBLICATION, DISTRIBUTION, ETC. (IMPRINT)
Place of publication, distribution, etc New York :
Name of publisher, distributor, etc Doubleday,
Date of publication, distribution, etc c1991.
300 ## - PHYSICAL DESCRIPTION
Extent xiv, 458 p.
490 1# - SERIES STATEMENT
Series statement The Anchor Bible;
Volume number/sequential designation 5
504 ## - BIBLIOGRAPHY, ETC. NOTE
Bibliography, etc Biblio. : pp. 85-122.
650 #4 - SUBJECT ADDED ENTRY--TOPICAL TERM
Topical term or geographic name as entry element Bible. O.T. Deuteronomy I-XI
General subdivision Commentaries
730 0# - ADDED ENTRY--UNIFORM TITLE
Uniform title Bible. O.T. Deuteronomy I-XI. English. Weinfeld. 1991.
950 0# - LOCAL HOLDINGS (RLIN)
-- 23.95
951 ## - EQUIVALENCE OR CROSS-REFERENCE-GEOGRAPHIC NAME/AREA NAME [OBSOLETE] [CAN/MARC only]
-- 14154
-- BS192.2/An2/Deu
-- 070613110938015
-- 2000-12-21
-- REF
Holdings
Withdrawn status Lost status Damaged status Not for loan Home library Current library Shelving location Date acquired Accession number Shelving control number Total Checkouts Full call number Date last seen Price effective from Koha item type Source of classification or shelving scheme Source of acquisition Barcode
        BSOP Library BSOP Library Reference 12/21/2000 14154 127   BS192.2/An2/Deu 02/23/2013 02/23/2013 Books      
        BSOP Library BSOP Library David Weisberg Collection 04/22/2024 47937     REF BS192.2 An2 Deu 1991 04/22/2024 04/22/2024 Books Library of Congress Classification Donated by Dr. David and Oprah Weisberg 00060271
BSOP

Biblical Seminary of the Philippines
  All rights Reserved
  © 2024

CONTACT INFORMATION

Biblical Seminary of the Philippines,
  77-B Karuhatan Road, Valenzuela City,
  PHILIPPINES 1441
  Phone: +632 8292-6795 / 8292-6798
  Fax : +632 8292-6675
  Email: library@bsop.edu.ph